000 00637nam a2200253Ia 4500
005 20260121154102.0
008 008 260114s9999 xx 000 0 eng d
020 _a9781003176282
037 _aEBOOK
040 _aCRL
040 _beng
040 _cCRL
041 _2eng
041 _aeng
084 _qCRL
100 _a Justin A. Haegele; Anthony J. Maher
_91002821
245 0 _aTeaching Disabled Children in Physical Education
260 _bTaylor and Francis
260 _c2023
856 _uhttp://www.taylorfrancis.com/books/9781003176282
942 _cEBOOK
999 _c1569642
_d1569642